Представление документа в формате MARC21

Поле Инд. ПП Название Значение
Тип записи a
Библиографический уровень a
001 Контрольный номер 6ff98bff8a3b4fb38b4a9975e442429d
005 Дата корректировки 20220927082136.7
040 a Служба первич. каталог. НБ ТвГУ
b Код языка каталог. rus
e Правила каталог. PSBO
041 0_ a Код языка текста rus
097 b Оператор Komarova.ES
100 1_ a Автор Белышева Т. Н.
245 10 a Заглавие Редкие растения верхнего и среднего течения реки Цны
260 a Место издания Калинин
b Издательство Калининский государственный университет
504 a Библиография Библиогр.: с. 75-76 (6 назв.)
520 0_ a Аннотация Статья посвящена редким растениям верхнего и среднего течения реки Цны.
653 0_ a Ключевые слова Цна, река
a Ключевые слова Редкие растения
a Ключевые слова Труды Тверского государственного университета
a Ключевые слова Флора
a Ключевые слова Флористические исследования
a Ключевые слова Лунник многолетний
773 18 w Контрольный № источника RU/IS/BASE/448384506
t Название источника Флора и растительность южной тайги
d Место и дата издания Калинин : Калининский государственный университет, 1988
g Прочая информация С. 73-76
901 t Тип документа a
920 a Оператор Кома
954 b Дата поступления в ОК 20220927